| 000 | 00775nam a2200193 4500 | ||
|---|---|---|---|
| 001 | 143185 | ||
| 003 | ES-MaACL | ||
| 005 | 20230906200739.0 | ||
| 007 | t| | ||
| 008 | 070214s1956 sp r ||||1| spa d | ||
| 100 | 1 |
_aSemionov, Iurii Nikolaevich. _9105386 |
|
| 245 | 1 | 4 |
_aLas riquezas de la tierra _b: geografía económica al alcance de todos / _cIurii Nikolaevich Semionov ; versión española de Francisco Payarols ; con una semblanza del autor, revisión, notas y comentarios de Joaquina Comas de Candel. |
| 250 | _a4ª. ed. renovada y ampliada. | ||
| 260 |
_aBarcelona : _bLabor, _c1956. |
||
| 300 |
_aXV, 665 p., 56 lám. : _bil. ; _c22 cm. |
||
| 700 | 1 |
_aPayarols, Francisco. _989715 |
|
| 700 | 0 |
_aComas, Joaquina. _939934 |
|
| 852 |
_aES-MaACL _jC-10283 _bR.38655 |
||
| 999 |
_c143185 _d143185 |
||